000 01000nam a2200313 a 4500
999 _c333
_d333
001 2507706
003 ALUPE UNIVERSITY
005 20210611110502.0
008 940505s1994 txua b 001 0 eng
010 _a 92075501
020 _a0155001035
040 _aDLC
_cDLC
050 0 0 _aBF233
_b.C59 1994
082 0 0 _a153.7
_220
100 1 _aCoren, Stanley.
245 1 0 _aSensation and perception /
_cStanley Coren, Lawrence M. Ward, James T. Enns.
250 _a4th ed.
260 _aFort Worth, TX :
_bHarcourt Brace College Publishers,
_cc1994.
300 _axi, 747 p. :
_bill. ;
_c24 cm.
500 _aOne transparency in pocket.
504 _aIncludes bibliographical references (p. [649]-716) and indexes.
650 0 _aSenses and sensation.
650 0 _aPerception.
700 1 _aWard, Lawrence M.
700 1 _aEnns, James T.
906 _a7
_bcbc
_corignew
_d3
_eopcn
_f19
_gy-gencatlg
942 _2lcc
_cBK
_nDO